00741 a2200181 45000010006000000050017000060080041000230030015000640400040000790800047001192450043001662500012002092640051002213000032002725050218003040410008005221000029005304132220260407155707.0260407a1974 arg spa dAR-UNSa-BCEJYS aAR-UNSa-BCEJYSbspacAR-UNSa-BCEJYS a347.94xPruebas. Práctica de la prueba 10aTeoría general de la prueba judicial a3a. ed. 1aBuenos Aires :bVíctor P. de Zavalíac1974 a2 v. (782 ; 743 p.)c23 cm. aTomo I: 1. Importancia y definiciones de las pruebas judiciales - 2. Noción o concepto de la prueba. El derecho subjetivo de probar - 3. Naturaleza del derecho probatorio y de las normas sobre pruebas judiciales aspa1 aDevis Echandia, Hernando